How to train your dragon quiz dragon breeds - Statistics

General Stats
  • This quiz has been taken 402 times
  • The average score is 7 of 10
Answer Stats
Hint Answer % Correct
the unholy offspring of lightning and death itself night fury
97%
has rotating teeth whispering death
85%
one of the smallest dragons and used to send mail terrible terror
84%
can light itself on fire monstrous nightmare
83%
can prey on sea shockers and sprays boiling water scauldron
78%
its tail can cut through anything razor whip
72%
hottest fire in the dragon world deadly nadder
71%
velociraptors of the dragon world speed stinger
64%
can hibernate in glaciers for decades skrill
60%
lives on the island dark deep catastrophic quaken
45%
No matching quizzes found
Score Distribution
Percent of People with Each Score
Percentile by Number Answered
Your Score History
You have not taken this quiz